Bol'šoj akademičeskij slovar' russkogo jazyka Tom 8 Kajuta - Kjuriny
| Format: | Book |
|---|---|
| Language: | Russian |
| PhysicalDescription: | 839 s. 27 cm |
| Published: |
Moskva Sankt-Peterburg
Nauka
2007
|
| ISBN: | 9785020362956 9785020252356 5020336602 5020284912 |
| Subjects: |
MARC
| LEADER | 00000cam a2200000 a 4500 | ||
|---|---|---|---|
| 001 | vtls011536311 | ||
| 003 | SK-MaSNL | ||
| 005 | 20260301220146.0 | ||
| 008 | 160322s2007 ru g d 000 0 rus | ||
| 020 | |a 9785020362956 |q (viazané ; T. 8) | ||
| 020 | |a 9785020252356 |q (T. 8) | ||
| 020 | |a 5020336602 |q (Moskva) | ||
| 020 | |a 5020284912 |q (S.-Peterburg) | ||
| 040 | |a SNK |b slo |c SNK |e AACR2 | ||
| 041 | 0 | |a rus | |
| 044 | |a ru |c RU | ||
| 072 | 7 | |a 811.161.1 |x Ruština |2 konspekt | |
| 080 | |a 811.161.1 |2 2011 | ||
| 080 | |a (038)81 |2 2011 | ||
| 080 | |a (038.072) |2 2011 | ||
| 245 | 0 | 0 | |a Bol'šoj akademičeskij slovar' russkogo jazyka |n Tom 8 |p Kajuta - Kjuriny |c glavnyj redaktor K.S. Gorbačevič |
| 246 | 3 | 0 | |a Kajuta - Kjuriny |
| 260 | |a Moskva |a Sankt-Peterburg |b Nauka |c 2007 | ||
| 300 | |a 839 s. |c 27 cm | ||
| 366 | |e 5000 výt. | ||
| 500 | |a Nad názvom: Rossijskaja akademija nauk, Institut lingvističeskich issledovanij | ||
| 650 | 0 | 7 | |a ruština |2 SNKPH |9 1346 |
| 650 | 0 | 7 | |a Russian language |2 SNKPHeng |9 282042 |
| 655 | 7 | |a jazykové slovníky |2 SNKPH |9 70525 | |
| 655 | 7 | |a výkladové slovníky |2 SNKPH |9 69007 | |
| 655 | 7 | |a Language dictionaries |2 SNKPHeng |9 301375 | |
| 655 | 7 | |a Explanatory dictionaries |2 SNKPHeng |9 278822 | |
| 700 | 1 | |a Gorbačevič, Kirill Sergejevič, |d 1925-2005 |4 red |9 249199 | |
| 710 | 2 | |a Institut lingvističeskich issledovanij (Rossijskaja akademija nauk) |4 pbl |9 417732 | |
| 919 | |a 978-5-02-036295-6 | ||
| 919 | |a 978-5-02-025235-6 | ||
| 919 | |a 5-02-033660-2 | ||
| 919 | |a 5-02-028491-2 | ||
| 999 | |c 930804 |d 932734 | ||
| 952 | |a SNK |b SNK |y VYP |7 0 |p 17A1194696 |o snkIB 71208/8 |i snk2016/11177 |8 2 |g 26.62 |0 0 |1 0 |4 0 |d 2016-03-22 |l 0 |r 2026-02-24 08:47:24 |w 2026-02-24 | ||


